书目信息 |
| 题名: |
普通混凝土用碎石或卵石质量标准及检验方法 JGJ 53-92
|
|
| 作者: | 中国建筑科学研究院 主编 | |
| 分册: | ||
| 出版信息: | 北京 华龄出版社 1994.04 |
|
| 页数: | 72页 | |
| 开本: | 32开 | |
| 丛书名: | ||
| 单 册: | ||
| 中图分类: | TU521.2-65 | |
| 科图分类: | ||
| 主题词: | 建筑材料:非金属材料 | |
| 电子资源: | ||
| ISBN: | 7-80082-462-4 | |
| 000 | 00721nam0 2200193 45 | |
| 001 | 0009251175 | |
| 005 | 20000925113144.6 | |
| 010 | @a7-80082-462-4@d3.60元 | |
| 100 | @a20000925d1994 km y0chiy0120 ea | |
| 101 | 0 | @achi |
| 105 | @a z 000yy | |
| 200 | 1 | @a普通混凝土用碎石或卵石质量标准及检验方法 JGJ 53-92@APu Tong Hun Ning Tu Yong Sui Shi Huo Luan Shi Zhi Liang Biao Zhun Ji Jian Yan Fang Fa JGJ 53-92@f中国建筑科学研究院主编@FZhong Guo Jian Zhu Ke Xue Yan Jiu Yuan Zhu Bian |
| 210 | @a北京@c华龄出版社@d1994.04 | |
| 215 | @a72页@d32开 | |
| 606 | 0 | @a建筑材料:非金属材料 |
| 690 | @aTU521.2-65@v3 | |
| 701 | 0 | @a中国建筑科学研究院@4主编 |
| 801 | @aCN@bPftUser@c20000925 | |
| 905 | @b153178-182@dTU521.2-65@eZH:345@f5 | |
| 普通混凝土用碎石或卵石质量标准及检验方法 JGJ 53-92/中国建筑科学研究院主编.-北京:华龄出版社,1994.04 |
| 72页;32开 |
| ISBN 7-80082-462-4:3.60元 |
| ● |
| 相关链接 |
|
|
|
正题名:普通混凝土用碎石或卵石质量标准及检验方法
索取号:TU521.2-65/ZH:345
 
预约/预借
| 序号 | 登录号 | 条形码 | 馆藏地/架位号 | 状态 | 备注 |
| 1 | 153178 | 201531789 | 自科二线404/201建筑库 8排1列5层/ [索取号:TU521.2-65/ZH:345] | 在馆 | |
| 2 | 153179 | 201531798 | 自科二线404/201建筑库 8排1列5层/ [索取号:TU521.2-65/ZH:345] | 在馆 | |
| 3 | 153180 | 201531805 | 自科二线404/201建筑库 8排1列4层/ [索取号:TU521.2-65/ZH:345] | 在馆 | |
| 4 | 153181 | 201531814 | 自科二线404/404自科库 2排4列3层/ [索取号:TU521.2-65/ZH:345] | 在馆 | |
| 5 | 153182 | 201531823 | 自科二线404/201建筑库 8排2列1层/ [索取号:TU521.2-65/ZH:345] | 在馆 |